000 00515pab a2200181 454500
008 180718b2011 xxu||||| |||| 00| 0 eng d
100 _aDavidson, Kathryn
245 _aAustralia's progress undefined: A critical review of measures of Australia's progress (MAP)
260 _c2011
300 _ap.47-57.
362 _aMar
650 _aAustralia - Public policy
650 _aPublic policy
700 _aWilson, Lou
773 _aAustralian Journal of Public Administration
908 _aN
909 _a91331
999 _c91331
_d91331